Statistics for Black Ferns 7s - Tokyo 2020 Gold Medal Winning Team

Click here to take the quiz!

General Stats

  • This quiz has been taken 7 times
  • The average score is 7 of 12

Answer Stats

Answer% Correct
Sarah Hirini
100%
Tyla Nathan-Wong
86%
Michaela Blyde
71%
Portia Woodman
71%
Ruby Tui
71%
Alena Saili
43%
Gayle Broughton
43%
Kelly Brazier
43%
Stacey Fluhler
43%
Theresa Fitzpatrick
43%
Shiray Kaka
29%
Risaleeana Pouri-Lane
14%

Score Distribution

Percentile by Number Answered

Percent of People with Each Score

Your Score History

You have not taken this quiz